La defensa de Chile en La Haya

Gardado en:
Detalles Bibliográficos
Autor Principal: Winter I., Luis (Author)
Formato: Libro
Idioma:Lingua castelá
Publicado: Santiago Ediciones L y D 2013
Edición:2a. ed
Subjects:
Tags: Engadir etiqueta
Sen Etiquetas, Sexa o primeiro en etiquetar este rexistro!

MARC

LEADER 00000cam a2200000 a 4500
001 UCF8305
003 CL-VaPUC
008 130829e20130500cl |||||||||||||||||spa|d
020 |a 9789567183579 
082 0 4 |a 341.42  |b WIN  |2 21 
100 0 |a Winter I., Luis  |e author  |9 570398 
245 1 3 |a La defensa de Chile en La Haya 
250 |a 2a. ed 
300 |a 137 p 
942 |c BK 
945 |d 20130829 16:44:00  |a dcastane 
260 |a Santiago  |b Ediciones L y D  |c 2013 
650 0 |a Fronteras  |9 338773 
650 0 |a Relaciones Internacionales  |9 255740 
650 0 |a Acuerdos internacionales  |9 337381 
650 0 |a Negociaciones internacionales  |9 358691 
650 0 |a Diplomacia  |9 256483 
583 |a last modification  |c 20130829 16:44:00  |k Rodrigo Vera 
999 |c 352908  |d 352906 
952 |0 0  |1 0  |3 erb  |4 0  |6 341_420000000000000_WIN_2013  |7 0  |8 A  |9 457698  |a BIBDER  |b BIBDER  |d 2019-11-23  |i 4994965  |o 341.42 WIN 2013  |p 4994965  |r 2023-01-25  |w 2019-11-23  |y BK  |z Catalogado en:20130829  |k DER